| 000 | 00491nam a2200157Ia 4500 | ||
|---|---|---|---|
| 008 | 210716s2010 xx 000 0 und d | ||
| 020 | _a9788126523887 | ||
| 041 | _aeng | ||
| 082 | _a658.84 PERC | ||
| 100 | _aPerlman, Corey. | ||
| 245 |
_aEboot camp:proven internet marketing techniques to grow your business. _bProven internet marketing techniques to grow your business. |
||
| 250 | _a1 | ||
| 260 |
_aNew Delhi _bWiley India Pvt Ltd _c2010 |
||
| 300 | _axxii,183 | ||
| 650 | _aE-Commerce | ||
| 999 |
_c206978 _d206978 |
||